00385nam a2200145Ia 4500008004100000020001500041041001200056082001600068100001500084245006700099260003500166300000800201650001500209700001500224221030s9999 xx 000 0 und d a0141006676 aEnglish a105.23bGho aS. Ghoshal 0aWorld Class in India A Casebook of Companies in Transformation bPenguin booksaNew Delhic2001 a652 aManagement aG. Piramal